All Modern-Day Countries Ever Controlled by Europeans - Statistics

General Stats
  • This quiz has been taken 109 times
    98 since last reset
  • The average score is 131 of 196
Answers on the Map
Answers color-coded by a green-red scale on the quiz's map according to % correct below.
 
Answer Stats
Country % Correct
Canada
81%
United States
81%
France
80%
China
78%
Russia
78%
United Kingdom
78%
Indonesia
77%
Mexico
77%
Australia
75%
Denmark
75%
India
75%
Ireland
75%
New Zealand
75%
North Korea
75%
Saudi Arabia
75%
Yemen
75%
Belize
73%
Germany
73%
Japan
73%
Malaysia
73%
Oman
73%
Portugal
73%
Spain
73%
Turkey
73%
Andorra
72%
Argentina
72%
Belgium
72%
Brazil
72%
Chile
72%
Cuba
72%
Italy
72%
Mongolia
72%
Panama
72%
Thailand
72%
United Arab Emirates
72%
Vietnam
72%
Algeria
70%
Cambodia
70%
Colombia
70%
Dominican Republic
70%
Ecuador
70%
Finland
70%
Greece
70%
Iceland
70%
Iran
70%
Iraq
70%
Israel
70%
Laos
70%
Libya
70%
Luxembourg
70%
Madagascar
70%
Monaco
70%
Norway
70%
Paraguay
70%
Peru
70%
Qatar
70%
San Marino
70%
Sri Lanka
70%
Sweden
70%
Uruguay
70%
Vatican City
70%
Bahamas
69%
Bangladesh
69%
Bolivia
69%
Costa Rica
69%
Cyprus
69%
Egypt
69%
El Salvador
69%
Ethiopia
69%
Georgia
69%
Honduras
69%
Jordan
69%
Liechtenstein
69%
Myanmar
69%
Nepal
69%
Nicaragua
69%
Papua New Guinea
69%
Philippines
69%
Poland
69%
Singapore
69%
South Africa
69%
South Korea
69%
Syria
69%
Tunisia
69%
Venezuela
69%
Armenia
67%
Azerbaijan
67%
Bhutan
67%
Bulgaria
67%
Eritrea
67%
Estonia
67%
Guatemala
67%
Guyana
67%
Haiti
67%
Jamaica
67%
Latvia
67%
Lithuania
67%
Malta
67%
Morocco
67%
Netherlands
67%
Pakistan
67%
Somalia
67%
Sudan
67%
Suriname
67%
Trinidad and Tobago
67%
Ukraine
67%
Afghanistan
66%
Austria
66%
Bahrain
66%
Djibouti
66%
Dominica
66%
D.R. Congo
66%
Kazakhstan
66%
Kosovo
66%
Lebanon
66%
Mali
66%
Moldova
66%
Niger
66%
Nigeria
66%
Romania
66%
South Sudan
66%
Switzerland
66%
Uzbekistan
66%
Albania
64%
Belarus
64%
Bosnia and Herzegovina
64%
Brunei
64%
Central African Republic
64%
Croatia
64%
Czech Republic
64%
Guinea
64%
Hungary
64%
Kenya
64%
Kuwait
64%
Maldives
64%
Mauritania
64%
North Macedonia
64%
Rep. of the Congo
64%
Serbia
64%
Slovakia
64%
Slovenia
64%
Tajikistan
64%
Tanzania
64%
Uganda
64%
Angola
63%
Benin
63%
Burkina Faso
63%
Cameroon
63%
Chad
63%
Equatorial Guinea
63%
Ghana
63%
Ivory Coast
63%
Kiribati
63%
Kyrgyzstan
63%
Lesotho
63%
Liberia
63%
Montenegro
63%
Mozambique
63%
Saint Lucia
63%
Togo
63%
Turkmenistan
63%
Antigua and Barbuda
61%
Barbados
61%
Botswana
61%
Fiji
61%
Gabon
61%
Namibia
61%
Rwanda
61%
Saint Kitts and Nevis
61%
Saint Vincent and the Grenadines
61%
Zimbabwe
61%
Cape Verde
59%
Comoros
59%
East Timor
59%
Eswatini
59%
F.S. Micronesia
59%
Gambia
59%
Grenada
59%
Marshall Islands
59%
Senegal
59%
Seychelles
59%
Sierra Leone
59%
Zambia
59%
Burundi
58%
Malawi
58%
Mauritius
58%
Palau
58%
São Tomé and Príncipe
58%
Tonga
58%
Tuvalu
58%
Guinea-Bissau
56%
Nauru
56%
Solomon Islands
56%
Vanuatu
56%
Samoa
55%
Taiwan
55%
No matching quizzes found
Score Distribution
Percent of People with Each Score
Percentile by Number Answered
Your Score History
You have not taken this quiz since the last reset